00871nam a22002537a 450000500170000001000130001702000220003003500130005203700160006504000120008108200150009310000230010824500690013125000110020026000450021127000680025630000310032450000340035565000270038965000340041694200240045099900190047495201240049320170124110030.0 aB-079631 c89.00a8173194602 aB-079631 bCen Lib/Ret aDPLbEN a510.3bLIN aLinz, Peter921671 aAn introduction to formal language and automata /cby Peter Linz a3rd ed aNew DelhibNarosa Publishing Housec2002 a22 Daryaganj, Delhi Medical Association RoadbNew Delhie110002 axi,410p. :c23cm(Hb)bill. aIncludes references and index aFinite automata921672 aContext-free languages921673 2ddccENh510.3mLIN c127809d127809 01104070aLbLd2015-06-30eCen Lib/Retg89.00l0o510.3 LINpB-079631r2015-06-30 00:00:00t1v89.00w2015-06-30yEN